|
|
|
|
| LEADER |
02316nam a2200517 a 4500 |
| 001 |
nkc20051579700 |
| 003 |
CZ PrNK |
| 005 |
20070308083817.0 |
| 007 |
ta |
| 008 |
050825s2005 xr e p 001 0 cze |
| 015 |
|
|
|a cnb001579700
|
| 020 |
|
|
|a 80-210-3744-X
|q (brož.)
|
| 035 |
|
|
|a (OCoLC)85161437
|
| 040 |
|
|
|a BOA001
|b cze
|d ABA001
|
| 043 |
|
|
|a e-xr---
|
| 072 |
|
7 |
|a 657
|x Účetnictví
|2 Konspekt
|9 4
|
| 072 |
|
7 |
|a 37.016
|x Učební osnovy. Vyučovací předměty. Učebnice
|2 Konspekt
|9 22
|
| 080 |
|
|
|a 657
|2 MRF
|
| 080 |
|
|
|a 353.9
|2 MRF
|
| 080 |
|
|
|a (075.8)
|2 MRF
|
| 100 |
1 |
|
|a Hrabalová, Simona,
|d 1976-
|7 mzk2004248668
|4 aut
|
| 245 |
1 |
0 |
|a Účetnictví územních samospráv :
|b distanční studijní opora /
|c Simona Hrabalová
|
| 250 |
|
|
|a Vyd. 1.
|
| 260 |
|
|
|a Brno :
|b Masarykova univerzita v Brně, Ekonomicko-správní fakulta,
|c 2005
|
| 300 |
|
|
|a 94, [13] s. ;
|c 29 cm
|
| 500 |
|
|
|a Na obálce označení modulu: KRUUS
|
| 500 |
|
|
|a V tiráži nad názvem: Masarykova univerzita v Brně, Ekonomicko-správní fakulta, Centrum distančního a celoživotního vzdělávání
|
| 500 |
|
|
|a Terminologický slovník
|
| 500 |
|
|
|a 150 výt.
|
| 504 |
|
|
|a Obsahuje bibliografii a rejstřík
|
| 650 |
0 |
7 |
|a účetnictví
|7 ph116911
|z Česko
|2 czenas
|
| 650 |
0 |
7 |
|a územní samospráva
|7 ph128366
|z Česko
|2 czenas
|
| 650 |
0 |
9 |
|a accounting
|z Czechia
|2 eczenas
|
| 650 |
0 |
9 |
|a regional administration
|z Czechia
|2 eczenas
|
| 655 |
|
7 |
|a učebnice vysokých škol
|7 fd133772
|2 czenas
|
| 655 |
|
9 |
|a textbooks (higher)
|2 eczenas
|
| 710 |
2 |
|
|a Masarykova univerzita.
|b Centrum distančního a celoživotního vzdělávání
|7 kn20050729001
|
| 856 |
4 |
1 |
|u http://www.digitalniknihovna.cz/mzk/uuid/uuid:40bf3620-c682-11e6-8032-005056827e52
|y Digitalizovaný dokument
|x NDK
|
| 910 |
2 |
|
|a BOA001
|b 3-1156.844
|
| 990 |
|
|
|a BK
|
| 995 |
|
|
|a 01
|
| 991 |
|
|
|b 200509
|c NOV
|
| 996 |
6 |
|
|b 2610259835
|c 3-1156.844
|l MZK
|r Sklad / do 1 hodiny
|n 3
|p p.v.
|w 000789863
|u 000010
|a 1
|e BOA001
|j MZK50
|s P
|
| 996 |
7 |
|
|b 2610259836
|c 3-1156.844
|l MZK
|r Sklad / do 1 hodiny
|n 20
|p p.v.
|w 000789863
|u 000020
|a 1
|e BOA001
|j MZK50
|s A
|
| 996 |
7 |
|
|b 2610304206
|c 3-1156.844
|l MZK
|r Sklad / do 1 hodiny
|n 2
|p kup
|w 000789863
|u 000030
|a 1
|e BOA001
|j MZK50
|s A
|
| 996 |
7 |
|
|b 2610304207
|c 3-1156.844
|l MZK
|r Sklad / do 1 hodiny
|n 1
|p kup
|w 000789863
|u 000040
|a 1
|e BOA001
|j MZK50
|s A
|